000 00401nam a2200157 4500
005 20260507115420.0
008 260507b |||||||| |||| 00| 0 eng d
020 _a9781032396859
082 _a371.9
_bGRA-I
100 _aGraham J.Linda
245 _aInclusive Education For The 21st Century
260 _aNew York
_bRoutledge Publishers
300 _a397p
650 _aEducation
942 _cBK
999 _c47549
_d47549